000 00524nam a22001817a 4500
999 _c188813
_d188813
005 20220603160240.0
010 _aENG-133001
020 _a9789381325537
_c200.00
035 _aEN-116533
037 _bDBAD/PUB
082 _a181.46
100 _aVivekananda's, Swami
245 _aRelevance in Meeting the Challenges of the 21st Century/
_cSwami Vivekananda's
260 _aKolkata
_bRamakrishna Mission
_c2014
270 _aGol Park
_bKolkata
_e700029
300 _a155p.
_c21cm(pbk)
942 _2ddc
_cEN
_m181.46
_hVIV